| 000 -CABECERA |
| Longitud fija campo de control |
01071nam a2200325 a 4500 |
| 001 - NÚMERO DE CONTROL |
| Número de control |
991033997669706706 |
| 003 - IDENTIFICADOR DEL NÚMERO DE CONTROL |
| Identificador del número de control |
OSt |
| 005 - FECHA Y HORA DE LA ÚLTIMA TRANSACCIÓN |
| Fecha y hora de la última transacción |
20240925103303.0 |
| 008 - CÓDIGOS DE INFORMACIÓN DE LONGITUD FIJA |
| Códigos de información de longitud fija |
110629s2011 spc|||| |||| 0|0 0 spa| |
| 015 ## - NÚMERO DE BIBLIOGRAFÍA NACIONAL |
| Número de bibliografía nacional |
LL2011 |
| Fuente |
bnc |
| 017 ## - NÚMERO DE COPYRIGHT O DE DEPÓSITO LEGAL |
| Número de copyright o de depósito legal |
DL B. 7789-2011 |
| Agencia que asigna el número |
Biblioteca de Catalunya |
| 020 ## - NÚMERO INTERNACIONAL NORMALIZADO PARA LIBROS |
| Número Internacional Normalizado para Libros (ISBN) |
9788408101222 |
| 035 ## - NÚMERO DE CONTROL DEL SISTEMA |
| Número de control del sistema |
(ES-BaCBU).b49127019 |
| 040 ## - FUENTE DE LA CATALOGACIÓN |
| Centro catalogador de origen |
ES-BaBC |
| Lengua de catalogación |
cat |
| Centro transcriptor |
CDMR |
| 080 ## - NÚMERO DE LA CLASIFICACIÓN DECIMAL UNIVERSAL |
| Número de la Clasificación Decimal Universal |
791:654.17 |
| 100 1# - PUNTO DE ACCESO PRINCIPAL-NOMBRE DE PERSONA |
| Nombre de persona |
Évole, Jordi. |
| 245 10 - MENCIÓN DE TÍTULO |
| Título |
Más vale pedir perdón que pedir permiso : |
| Resto del título |
historias íntimas de "Salvados" / |
| Mención de responsabilidad, etc. |
por Jordi Évole y el equipo del programa |
| 260 ## - PUBLICACIÓN, DISTRIBUCIÓN, ETC. (PIE DE IMPRENTA) |
| Lugar de publicación, distribución, etc. |
Barcelona : |
| Nombre del editor, distribuidor, etc. |
Planeta, |
| Fecha de publicación, distribución, etc. |
2011 |
| 300 ## - DESCRIPCIÓN FÍSICA |
| Extensión |
208 p., [24] p. de làm. : |
| Otras características físicas |
il. col. ; |
| Dimensiones |
23 cm |
| 490 1# - MENCIÓN DE SERIE |
| Mención de serie |
Booket Diversos. Humor ; |
| Designación de volumen o secuencia |
9085. |
| 630 #0 - PUNTO DE ACCESO ADICIONAL DE MATERIA - TÍTULO UNIFORME |
| Título uniforme |
Salvados (Programa de televisió) |
| 9 (RLIN) |
4971 |
| 650 #7 - PUNTO DE ACCESO ADICIONAL DE MATERIA - TÉRMINO DE MATERIA |
| Término de materia o nombre geográfico como elemento inicial |
Televisió |
| Subdivisión geográfica |
Espanya |
| Subdivisión de materia general |
Programes |
| Fuente del encabezamiento o término |
lemac |
| 830 #0 - PUNTO DE ACCESO ADICIONAL DE SERIE - TÍTULO UNIFORME |
| Título uniforme |
Booket ; |
| Designación de volumen o secuencia |
9085 |
| 830 #0 - PUNTO DE ACCESO ADICIONAL DE SERIE - TÍTULO UNIFORME |
| Título uniforme |
Booket. |
| Nombre de parte o sección de la obra |
Diversos |
| 830 #0 - PUNTO DE ACCESO ADICIONAL DE SERIE - TÍTULO UNIFORME |
| Título uniforme |
Booket. |
| Nombre de parte o sección de la obra |
Humor |
| 907 ## - ELEMENTO G DATOS LOCALES, GDL (RLIN) |
| a |
.b49127019 |
| b |
17-02-21 |
| c |
29-06-11 |
| d |
29-06-11 |
| e |
m |
| f |
a |
| g |
- |
| h |
spa |
| i |
spc |
| j |
0 |
| k |
0 |
| 908 ## - CONTROL DE PARÁMETROS (RLIN) |
| Parametro de comando lanzado |
BC |
| 940 ## - |
| T&íacute;tulo uniforme |
<a href="BC">BC</a> |
| 942 ## - ENTRADA DE ELEMENTOS AGREGADOS (KOHA) |
| Fuente de clasificaión o esquema |
|
| Koha [por defecto] tipo de item |
Monografies |